Πρόληψη της εγκληματικότητας σε τοπικό επίπεδο : οι σύγχρονες τάσεις της εγκληματολογικής έρευνας
Αποθηκεύτηκε σε:
| Κύριος συγγραφέας: | |
|---|---|
| Μορφή: | Βιβλίο |
| Γλώσσα: | Greek |
| Δημοσίευση: |
Αθήνα :
Νομική βιβλιοθήκη,
2003.
|
| Θέματα: | |
| Ετικέτες: |
Προσθήκη ετικέτας
Δεν υπάρχουν, Καταχωρήστε ετικέτα πρώτοι!
|
MARC
| LEADER | 00000nam a2200000 i 4500 | ||
|---|---|---|---|
| 001 | 1/45698 | ||
| 008 | 070607s2003####gr ||| | gre|| | ||
| 020 | |a 9602722037 | ||
| 035 | |l 10088186 | ||
| 040 | |a GR-MY-UA |b gre |e aacr | ||
| 041 | 0 | |a gre | |
| 082 | 0 | |a 364 |2 (22) | |
| 100 | 1 | |a Ζαραφωνίτου, Χριστίνα Μ. | |
| 245 | 1 | 0 | |a Πρόληψη της εγκληματικότητας σε τοπικό επίπεδο : |b οι σύγχρονες τάσεις της εγκληματολογικής έρευνας / |c Χριστίνα Ζαραφωνίτου. |
| 260 | |a Αθήνα : |b Νομική βιβλιοθήκη, |c 2003. | ||
| 300 | |a 229 σ. ; |c 21 εκ. | ||
| 504 | |a Περιέχει βιβλιογραφία και ευρετήριο. | ||
| 650 | 0 | 0 | |a Crime |x Social aspects. |
| 650 | 0 | 0 | |a Crime and criminals |z Europe. |
| 650 | 0 | 0 | |a Crime prevention |z Europe. |
| 852 | |a INST |b LESVOS |c BK |e 20070607 |h 364 ΖΑΡ |p 005100037758 |q 005100037758 |t BK |y 12 | ||
| 852 | |a INST |b LESVOS |c EUDOXUS |e 20160425 |h 364 ΖΑΡ |p 005100057565 |q 005100057565 |t EDX |y 0 | ||
| 901 | |a BIBL1-2007-2 | ||
| 909 | |a Λ |b 135332 | ||
| 920 | |a Εύδοξος |b Παραγγελία |y Λέσβος-ΤΚ |z 04-2016 | ||
| 922 | |a 1ΕΛΗ |b 200705 |c ΕΠΕΑΕΚ2/ΤΚ |d Σ. ΠΑΤΑΚΗΣ | ||
| 970 | |a ΧΑΤΖΗΜΙΧΑΗΛ |b ΜΑΡΙΑ |z 2007/06/07 | ||